| 000 | 00000nam##2200000za#4500 |
| 001 | 9.632922 |
| 003 | CaOODSP |
| 005 | 20210624215052 |
| 007 | cr ||||||||||| |
| 008 | 150407|2002||||xxc|||||o f|0| 0 fre|d |
| 040 | |aCaOODSP|bfre |
| 043 | |an-cn--- |
| 086 | 1 |aSW21-86/2001F-PDF |
| 110 | 1 |aCanada. |bCondition féminine Canada. |
| 245 | 13|aLa reconnaissance des couples de lesbiennes : |h[ressource électronique]|bun droit sans équivoque / |c[par] Irène Demczuk ... [et al.] |
| 260 | |aOttawa - Ontario : |bCondition féminine Canada |c2002. |
| 300 | |a226p.|bglossaire, tableaux |
| 500 | |aLe n° de catalogue et l'ISBN de l'édition imprimée ont été incorrectement copiés dans cette édition électronique. |
| 504 | |aBibliographie. |
| 590 | |a06-10-Supp|b2006-12-15 |
| 691 | 07|aCondition de la femme|2gcpds |
| 691 | 07|aCouple de même sexe|2gcpds |
| 691 | 07|aDroit constitutionnel|2gcpds |
| 720 | 1 |aDemczuk, Irène |
| 775 | 08|tRecognition of lesbian couples : |w(CaOODSP)9.688497 |
| 776 | 0#|tLa reconnaissance des couples de lesbiennes : |w(CaOODSP)9.681674 |
| 856 | 40|ahttp://publications.gc.ca|qPDF|s1591 Ko|uhttps://publications.gc.ca/collections/Collection/SW21-86-2001F.pdf |